000 00769cam a22002533a 4500
001 30903
003 PGUSA
005 20140828083652.0
008 100109s2010||||xxu|||||s|||||000 1 eng d
040 _aPGUSA
_beng
042 _adc
050 4 _aPQ
100 1 _aRizal, José,
_d1861-1896
245 1 0 _aEl Filibusterismo (Continuación del Noli me tángere)
_h[electronic resource] /
_cJosé Rizal
260 _bProject Gutenberg,
_c2010
506 _aPublic domain in the USA.
516 _aElectronic text
653 _aPhilippines -- History -- Fiction
653 _aPhilippine fiction (Spanish)
653 _aNationalists -- Philippines -- Fiction
830 0 _aProject Gutenberg
_v30903
856 4 0 _uhttp://www.gutenberg.org/ebooks/30903
942 _cEB
999 _c260158
_d260158